<?xml version="1.0" encoding="UTF-8"?><?xml-stylesheet type="text/xsl" href="static/style.xsl"?><OAI-PMH xmlns="http://www.openarchives.org/OAI/2.0/" xmlns:xsi="http://www.w3.org/2001/XMLSchema-instance" xsi:schemaLocation="http://www.openarchives.org/OAI/2.0/ http://www.openarchives.org/OAI/2.0/OAI-PMH.xsd"><responseDate>2026-04-27T21:23:48Z</responseDate><request verb="GetRecord" identifier="oai:uvadoc.uva.es:10324/942" metadataPrefix="marc">https://uvadoc.uva.es/oai/request</request><GetRecord><record><header><identifier>oai:uvadoc.uva.es:10324/942</identifier><datestamp>2025-02-13T10:22:48Z</datestamp><setSpec>com_10324_30605</setSpec><setSpec>com_10324_894</setSpec><setSpec>col_10324_41</setSpec></header><metadata><record xmlns="http://www.loc.gov/MARC21/slim" xmlns:doc="http://www.lyncode.com/xoai" xmlns:xsi="http://www.w3.org/2001/XMLSchema-instance" xmlns:dcterms="http://purl.org/dc/terms/" xsi:schemaLocation="http://www.loc.gov/MARC21/slim http://www.loc.gov/standards/marcxml/schema/MARC21slim.xsd">
<leader>00925njm 22002777a 4500</leader>
<datafield tag="042" ind1=" " ind2=" ">
<subfield code="a">dc</subfield>
</datafield>
<datafield tag="720" ind1=" " ind2=" ">
<subfield code="a">Mata Jorge, Miriam</subfield>
<subfield code="e">author</subfield>
</datafield>
<datafield tag="260" ind1=" " ind2=" ">
<subfield code="c">2011</subfield>
</datafield>
<datafield tag="520" ind1=" " ind2=" ">
<subfield code="a">La Clínica Castellana fue una revista editada en Valladolid desdde 1910 a 1930, siendo un medio divulgativo de los conocimientos y novedades médicas de la época. En nuestro trabajo hemos estudiado los artículos de interés pediátrico que aparecen en la revista, para así formarnos una idea de los principales temas que preocupaban a los pediatras de aquellos años; también analizamos las publicaciones referatadas en la revista, además de los textos científicos que se criticaban en la publicación, así como los autores más significativos de los artículos estudiados. Podemos confirmar con nuestro trabajo que los médicos vallisoletanos recibían a través de la revista la información pediátrica más relevante generada a nivel nacional e internacional durante los años de publicación de La Clínica Castelana.</subfield>
</datafield>
<datafield tag="024" ind2=" " ind1="8">
<subfield code="a">http://uvadoc.uva.es/handle/10324/942</subfield>
</datafield>
<datafield tag="024" ind2=" " ind1="8">
<subfield code="a">b1631819</subfield>
</datafield>
<datafield tag="024" ind2=" " ind1="8">
<subfield code="a">10.35376/10324/942</subfield>
</datafield>
<datafield ind1=" " ind2=" " tag="653">
<subfield code="a">Pediatría-Reseñas de libros-1910-1930</subfield>
</datafield>
<datafield ind1=" " ind2=" " tag="653">
<subfield code="a">Medicina-Historias-1910-1930</subfield>
</datafield>
<datafield ind1=" " ind2=" " tag="653">
<subfield code="a">La Clínica Castellana (Revista)-Reseñas de libros</subfield>
</datafield>
<datafield ind1=" " ind2=" " tag="653">
<subfield code="a">Enfermedades infecciosas-Historia-1910-1930</subfield>
</datafield>
<datafield tag="245" ind1="0" ind2="0">
<subfield code="a">Publicaciones pediátricas aparecidas en La Clínica Castellana (1910-1930)</subfield>
</datafield>
</record></metadata></record></GetRecord></OAI-PMH>